| 000 | 00636nam a22002537a 4500 | ||
|---|---|---|---|
| 999 |
_c5259 _d5259 |
||
| 001 | 5259 | ||
| 003 | BD-JhCC | ||
| 005 | 20171211181620.0 | ||
| 008 | 171211s2000 bg |||| ||a| 000 0 eng d | ||
| 020 | _a1873929900 | ||
| 035 | _a(BD-JhCC)5259 | ||
| 040 |
_aBD-JhCC _dBD-JhCC |
||
| 041 | _aeng | ||
| 082 |
_a650 _bHAL 2000 |
||
| 100 | _aHall, Dave | ||
| 245 |
_aBusiness Studies / _cDave Hall, Rob jones & Carlo Raffo |
||
| 260 |
_aItaly : _bCauseway Press Ltd, _c2000. |
||
| 300 |
_a776 p. : _c25 cm. |
||
| 650 | _aBusiness Education | ||
| 700 | _ajones, Rob | ||
| 700 | _a Raffo, Carlo | ||
| 942 |
_2ddc _cBK |
||